000
00257nam a2200097Ia 4500
001
665571
005
20250826160252.0
008
250824s9999 xx 000 0 und d
245
0
_a
BANU CİHAN ANTİK
_c
SÜLEYMAN TEVFİK
260
_b
ANTİK DÜNYA KLASİKLERİ
999
_c
665571
_d
665571